000 00648nam a2200193 a 4500
001 000037660
005 20201002031111.0
008 121024s2011 pe 000 0 spa d
020 _a9789972085635
040 _aDO-SdBNP
_bspa
082 _axxx
_bB664d
100 1 _aBoccaccio, Giovanni
_964129
245 1 3 _aEl decamerón /
_cGiovanni Boccaccio.
260 _aLima, Perú :
_bCooperación editora Chirre,
_c2011.
300 _a127 p. :
_bil. ;
_c21 cm.
490 1 _aGenios de la literatura universal
500 _aLa biblioteca posee la primera reimpresión de la primera edición del 2009
830 0 _aGenios de la literatura universal
_964130
999 _c37150
_d37150